000 00331nam a2200133Ia 4500
008 191201s2012 xx 000 0 und d
082 _a510
_bBHE
100 _aBHARGAVA, M.L
245 0 _aElements of Business Mathematics
260 _aN. Delhi
_bJeevan Sons Publication
_c2012
300 _aMisc
650 _aBBA
942 _2ddc
_cBK
999 _c4615
_d4615